| 000 | 00420nam a22001697a 4500 | ||
|---|---|---|---|
| 005 | 20250402002512.0 | ||
| 008 | 250402b |||||||| |||| 00| 0 eng d | ||
| 020 | _a9789554102743 | ||
| 082 |
_222 _a894 _bPOR |
||
| 100 | _aVetrichelvi | ||
| 245 |
_aPoraaliyin kadhali _bNavel |
||
| 250 | _a2nd | ||
| 260 |
_aSri Lanka _bAuthor _c2017 |
||
| 300 | _a184 p ., | ||
| 500 | _aIlaporin Eluntha Kdhal Patriya Naval | ||
| 942 | _cL | ||
| 999 |
_c6009 _d6009 |
||